LEADER 00951nam a2200193 i 4500 001 000000170496 003 CaOOAMICUS 005 20080328000000.0 008 080328s1946 it u000 u ita u 013 $a147907 040 $aSeMil$bita 100 1 $aSorrento, Luigi,$d<1884-1953>.$0(OLS)http://semarc/name/6575 245 13$aIl Proemio del marchese di Santillana :$bintroduzione, testo, note critiche e indice storico-letterario. Appendice: forme varie di poesia dal "Concionero" /$cLuigi Sorrento. 260 $aComo :$bMarzorati,$c1946. 300 $a136 p. ;$c18 cm. 850 $aSeMil 852 $aSeMil$W1$xVenegono$y1$m1V II 67$j121380$B121380$CSeMilBibl$Z2$F132749 $81 996 $6245$aIl Proemio del marchese di Santillana :$bintroduzione, testo, note critiche e indice storico-letterario. Appendice: forme varie di poesia dal "Concionero"$9(OLS)http://semarc/title/243857 996 $6260$aComo :$bMarzorati$9(OLS)http://semarc/publisher/35391 LEADER 01563nam a2200265 i 4500 001 000000177701 003 CaOOAMICUS 005 20090218000000.0 008 090218s1970 it u000 u ita u 013 $a155269 040 $aSeMil$bita 245 10$aEdizione anastatica della Regola della Compagnia di S. Orsola di Brescia istituita da S. Angela Merici nel 1535 approvata da S. Carlo nel 1581 con Apparato Critico e riferimento a tutti i testi precedenti e alle edizioni bresciane fino a oggi /$cA cura di Luigi Rinaldini padre dell'Oratorio di Brescia. 260 $aBrescia :$bAteneo di Brescia,$c1970. 300 $a335 p. ;$c25 cm. 490 0 $aMonumenta Brixiae Historica. Fontes ;$v1. 500 $aContiene : Appendici. - Fondo Card. Giovanni Colombo. 650 4$aCompagnia di sant'Orsola - Regole e Costituzioni.$0(OLS)http://semarc/subject/16299 700 1 $aRinaldini, Luigi.$0(OLS)http://semarc/name/66112 830 0$aMonumenta Brixiae Historica. Fontes ;$v1.$0(OLS)http://semarc/title/27348 850 $aSeMil 852 $aSeMil$W1$xVenegono$y1$m3G V 188$j128506$B128506$CSeMilBibl$Z2$F140983 $81 941 1 $a3 961 $aLascito: Colombo Card. Giovanni 996 $6245$aEdizione anastatica della Regola della Compagnia di S. Orsola di Brescia istituita da S. Angela Merici nel 1535 approvata da S. Carlo nel 1581 con Apparato Critico e riferimento a tutti i testi precedenti e alle edizioni bresciane fino a oggi$9(OLS)http://semarc/title/255236 996 $6260$aBrescia :$bAteneo di Brescia$9(OLS)http://semarc/publisher/35372 LEADER 01069nas a2200193 i 4500 001 000000252988 003 CaOOAMICUS 005 20170216000000.0 008 170216b1860 it uu u0 0ita r 013 $a231893 040 $aSeMil$bita 245 10$aRendiconto per l'anno 1859 della Commissione promovitrice della educazione dei sordo-muti nella provincia di Milano. 260 $aMilano :$bDitta Boniardi-Pogliani di Ermenegildo Besozzi,$c1860. 300 $aVI, 162 p. ;$c25 cm. 773 0 $tRendiconto per l'anno ... della Commissione promovitrice la educazione dei sordo-muti nella provincia di Milano.$dMilano : Ditta Boniardi-Pogliani di Ermenegildo Besozzi, 1854-1865.$w()2729 850 $aSeMil 852 $aSeMil$W1$xVenegono$y1$m3R III 6 FA$j203334$B203334$CSeMilBibl$Z2$F216066 $8I 996 $6245$aRendiconto per l'anno 1859 della Commissione promovitrice della educazione dei sordo-muti nella provincia di Milano$9(OLS)http://semarc/title/410306 996 $6260$aMilano :$bDitta Boniardi-Pogliani di Ermenegildo Besozzi$9(OLS)http://semarc/publisher/33999